000 00931nam a22001817a 4500
003 OSt
005 20241112152337.0
008 241112b |||||||| |||| 00| 0 eng d
041 _aEnglish
082 _aPM/GRD/18 Acc No 10267
100 _a ALIMA Hajia Mahama (MP) And KEN Ofori-Atta
110 _aMinister For Local Government And Rural Development And Minister For Finance
245 _aThe Minister For Local Government And Rural Development (Hajia Alima Mahama (MP) And Minister For Finance (Ken Ofori-Atta) On The Financing And The Commercial Agreements For The Redevelopment And Modernization Of Kumasi Central Market Its Associated Infrastructure Project ( Phase II )
260 _aAccra
_bParliament Of Ghana
_c2018
300 _a6p:tab
650 _2The Commercial Agreements For The Redevelopment And Modernization Of Kumasi Central Market Its Associated Infrastructure Project ( Phase II )
942 _2ddc
_cMOU
_n0
999 _c4753
_d4753